[Event "IECC CL5-2009.15 email"]
[Site "IECC email"]
[Date "2009.07.23"]
[Round "?"]
[White "Axenhus, Ilpo"]
[Black "Berry, Vincent"]
[Result "1-0"]
[WhiteElo "1373"]
[BlackElo "1481"]
[PlyCount "43"]
[EventDate "2009.??.??"]
[EventType "tourn (corr)"]
[EventRounds "4"]
[SourceTitle "Telechess CBM 137"]
[Source "ChessBase"]
[SourceDate "2010.07.15"]
[SourceVersion "1"]
[SourceVersionDate "2010.07.15"]
[SourceQuality "1"]
[WhiteTeam "Sweden"]
[BlackTeam "France"]
[WhiteTeamCountry "SWE"]
[BlackTeamCountry "FRA"]

1. d4 f5 2. c4 Nf6 3. Nc3 d6 4. Bg5 Nc6 5. Bxf6 exf6 6. e3 g6 7. Bd3 Ne7 8. Nge2 Be6 9. 0-0 Bh6 10. d5 Bf7 11. e4 fxe4 12. Nxe4 Bg7 13. Rb1 0-0 14. Nf4 Qd7 15. Re1 c5 16. h3 Kh8 17. Qf3 Nf5 18. Ne6 Bxe6 19. dxe6 Nd4 20. exd7 Nxf3+ 21. gxf3 Rad8 22. b4 1-0

[Event "IECC CL5-2009.15 email"]
[Site "IECC email"]
[Date "2009.07.23"]
[Round "?"]
[White "Bocharov, Rosislav"]
[Black "Axenhus, Ilpo"]
[Result "1/2-1/2"]
[WhiteElo "1493"]
[BlackElo "1383"]
[PlyCount "38"]
[EventDate "2009.??.??"]
[EventType "tourn (corr)"]
[EventRounds "4"]
[SourceTitle "Corr 2011"]
[Source "ChessBase"]
[SourceDate "2010.08.31"]
[SourceVersion "1"]
[SourceVersionDate "2010.08.31"]
[SourceQuality "1"]
[WhiteTeam "Bulgaria"]
[BlackTeam "Sweden"]
[WhiteTeamCountry "BUL"]
[BlackTeamCountry "SWE"]

1. e4 e5 2. Nf3 d6 3. d4 exd4 4. Nxd4 c5 5. Nf3 Nc6 6. Nc3 Nf6 7. Bb5 Bd7 8. 0-0 Be7 9. Bf4 a6 10. Be2 0-0 11. Bxd6 Bg4 12. Ne5 Bxe2 13. Bxe7 Qxd1 14. Raxd1 Bxd1 15. Nxc6 Bxc2 16. Bxf8 Kxf8 17. Rc1 Bxe4 18. Nxe4 Nxe4 19. Ne5 Rd8 1/2-1/2

[Event "IECC CL6-2009.12 email"]
[Site "IECC email"]
[Date "2009.06.09"]
[Round "?"]
[White "Axenhus, Ilpo"]
[Black "Kawakami, Toshiya"]
[Result "1-0"]
[WhiteElo "1378"]
[BlackElo "1263"]
[PlyCount "74"]
[EventDate "2009.??.??"]
[EventType "tourn (corr)"]
[EventRounds "4"]
[SourceTitle "Corr 2011"]
[Source "ChessBase"]
[SourceDate "2010.08.31"]
[SourceVersion "1"]
[SourceVersionDate "2010.08.31"]
[SourceQuality "1"]
[WhiteTeam "Sweden"]
[BlackTeam "Japan"]
[WhiteTeamCountry "SWE"]
[BlackTeamCountry "JPN"]

1. d4 e6 2. c4 Nf6 3. Nc3 Bb4 4. e3 0-0 5. Bd3 d5 6. Nge2 c5 7. 0-0 cxd4 8. Nxd4 Nc6 9. Qc2 Nxd4 10. exd4 Bxc3 11. bxc3 dxc4 12. Bxc4 Nd5 13. Qb3 Qa5 14. Bxd5 Qxd5 15. Bf4 Rd8 16. Rfd1 b6 17. Qxd5 Rxd5 18. c4 Rd7 19. Rac1 Bb7 20. c5 Rc8 21. f3 f6 22. Be3 bxc5 23. dxc5 Rxd1+ 24. Rxd1 Bd5 25. Rc1 Rc6 26. Kf2 Ra6 27. Rc2 Ra4 28. c6 Rc4 29. Rxc4 Bxc4 30. c7 Ba6 31. Bxa7 Kf7 32. Ke3 Ke7 33. Kd4 Kd6 34. Bb8 Kc6 35. a4 Kb6 36. f4 Kc6 37. g4 Kd6 1-0

[Event "IECC CL6-2009.09 email"]
[Site "IECC email"]
[Date "2009.04.21"]
[Round "?"]
[White "Kawakami, Toshiya"]
[Black "Axenhus, Ilpo"]
[Result "0-1"]
[WhiteElo "1227"]
[BlackElo "1339"]
[PlyCount "52"]
[EventDate "2009.??.??"]
[EventType "tourn (corr)"]
[EventRounds "4"]
[SourceTitle "Corr 2011"]
[Source "ChessBase"]
[SourceDate "2010.08.31"]
[SourceVersion "1"]
[SourceVersionDate "2010.08.31"]
[SourceQuality "1"]
[WhiteTeam "Japan"]
[BlackTeam "Sweden"]
[WhiteTeamCountry "JPN"]
[BlackTeamCountry "SWE"]

1. e4 e5 2. Nf3 Nc6 3. Bb5 Nf6 4. 0-0 Be7 5. Re1 0-0 6. Nc3 d6 7. d4 Bg4 8. dxe5 Nxe5 9. Nd5 Nxd5 10. exd5 Bxf3 11. gxf3 Bh4 12. f4 Ng6 13. f5 Ne5 14. Re4 g6 15. fxg6 fxg6 16. Rf4 Qg5+ 17. Kf1 Rxf4 18. Bxf4 Qxf4 19. Qe2 Rf8 20. f3 Qxf3+ 21. Qxf3 Rxf3+ 22. Kg2 Rf2+ 23. Kh3 g5 24. Bd3 Kg7 25. Rg1 h5 26. b4 Nf3 0-1

[Event "IECC O email"]
[Site "IECC email"]
[Date "2001.09.12"]
[Round "?"]
[White "Torre, Leandro"]
[Black "Axenhus, Ilpo"]
[Result "0-1"]
[WhiteElo "1206"]
[BlackElo "1281"]
[PlyCount "84"]
[EventDate "2001.??.??"]
[EventType "tourn (corr)"]
[EventRounds "6"]
[SourceTitle "Corr 2008"]
[Source "ChessBase"]
[SourceDate "2008.06.24"]
[SourceVersion "1"]
[SourceVersionDate "2008.06.24"]
[SourceQuality "1"]

1. e4 c5 2. Nf3 e6 3. d4 Nc6 4. d5 exd5 5. exd5 Na5 6. d6 Qf6 7. Qe2+ Qe6 8. Bf4 b6 9. Nc3 a6 10. 0-0-0 Bb7 11. Ng5 Qxe2 12. Bxe2 h6 13. Nf3 Nf6 14. Rhe1 0-0-0 15. Ne5 g5 16. Bg3 Rh7 17. Na4 b5 18. Nxc5 Ne4 19. Nxe4 Bxe4 20. Bxb5 axb5 21. Rxe4 Nc6 22. h3 f5 23. Ree1 Kb7 24. f4 Ra8 25. Nxc6 Kxc6 26. fxg5 hxg5 27. Be5 Rxa2 28. Kb1 Ra4 29. Rd3 Rh6 30. Red1 Re4 31. Rc3+ Rc4 32. Rxc4+ bxc4 33. Rd4 Kc5 34. c3 Bxd6 35. Bxd6+ Rxd6 36. Rxd6 Kxd6 37. g3 Ke5 38. h4 gxh4 39. gxh4 f4 40. Kc1 Kf5 41. h5 Kg5 42. Kd1 Kxh5 0-1

[Event "IECC CL6-1999.12 "]
[Site "IECC email"]
[Date "1999.05.10"]
[Round "?"]
[White "Axenhus, Ilpo"]
[Black "Patterson, Stephen J"]
[Result "1/2-1/2"]
[WhiteElo "1267"]
[BlackElo "1365"]
[PlyCount "78"]
[EventDate "1999.??.??"]
[EventType "tourn (corr)"]
[EventRounds "4"]
[SourceTitle "Corr 2008"]
[Source "ChessBase"]
[SourceDate "2008.06.24"]
[SourceVersion "1"]
[SourceVersionDate "2008.06.24"]
[SourceQuality "1"]

1. c4 e5 2. e3 Nc6 3. a3 Nf6 4. Nc3 Be7 5. Nf3 0-0 6. Be2 h6 7. 0-0 d5 8. d4 exd4 9. exd4 dxc4 10. Bxc4 Bg4 11. Be3 a6 12. h3 Bh5 13. Re1 Bd6 14. g4 Bg6 15. Qb3 Na5 16. Qa2 Nxc4 17. Qxc4 Re8 18. Rad1 Qc8 19. Nd5 Nxg4 20. Nb6 cxb6 21. Qxc8 Raxc8 22. hxg4 Rc2 23. b4 a5 24. Bd2 Rxe1+ 25. Rxe1 axb4 26. axb4 Kf8 27. d5 Rc4 28. Ne5 Bxe5 29. Rxe5 Rxg4+ 30. Kh2 Rd4 31. Be3 Re4 32. Rxe4 Bxe4 33. d6 b5 34. Bc5 Ke8 35. d7+ Kxd7 36. Bf8 g5 37. Bxh6 g4 38. Kg3 Ke6 39. Kxg4 f5+ 1/2-1/2

[Event "IECC CL6-1999.12 "]
[Site "IECC email"]
[Date "1999.05.10"]
[Round "?"]
[White "Kaczmarek, Michal"]
[Black "Axenhus, Ilpo"]
[Result "0-1"]
[WhiteElo "1200"]
[BlackElo "1271"]
[PlyCount "54"]
[EventDate "1999.??.??"]
[EventType "tourn (corr)"]
[EventRounds "4"]
[SourceTitle "Corr 2008"]
[Source "ChessBase"]
[SourceDate "2008.06.24"]
[SourceVersion "1"]
[SourceVersionDate "2008.06.24"]
[SourceQuality "1"]

1. e4 e5 2. Nf3 d6 3. c3 Nc6 4. d4 Bg4 5. d5 Nce7 6. g3 f5 7. Bd3 fxe4 8. Bxe4 Nf6 9. Qe2 Qd7 10. 0-0 Nexd5 11. Bxd5 Nxd5 12. Be3 Nxe3 13. Qxe3 Be7 14. Nbd2 0-0 15. Qd3 Qe6 16. Ne1 Bh3 17. Ng2 Qg4 18. f3 Qf5 19. Qxf5 Rxf5 20. Rf2 Raf8 21. Ne3 R5f7 22. Ne4 Rxf3 23. Rxf3 Rxf3 24. Ng2 Bxg2 25. Kxg2 Re3 26. Nf2 Re2 27. b4 Rc2 0-1

[Event "IECC CL5-1998.24"]
[Site "IECC email"]
[Date "1998.10.31"]
[Round "?"]
[White "Axenhus, Ilpo"]
[Black "Raynolds, Pete"]
[Result "1-0"]
[WhiteElo "1252"]
[BlackElo "1572"]
[PlyCount "44"]
[EventDate "1998.??.??"]
[EventType "tourn (corr)"]
[EventRounds "4"]
[SourceTitle "Corr 2008"]
[Source "ChessBase"]
[SourceDate "2008.06.24"]
[SourceVersion "1"]
[SourceVersionDate "2008.06.24"]
[SourceQuality "1"]

1. d4 Nf6 2. c4 c5 3. e3 g6 4. Nc3 Bg7 5. Nf3 0-0 6. Be2 cxd4 7. exd4 d5 8. 0-0 Nc6 9. a3 dxc4 10. Bxc4 Bg4 11. Be3 Rc8 12. Be2 Nd5 13. Qb3 Nb6 14. Rfd1 e6 15. h3 Bxf3 16. Bxf3 Re8 17. Rac1 Rc7 18. d5 exd5 19. Bxb6 axb6 20. Nxd5 Rd7 21. Nxb6 Rxd1+ 22. Rxd1 Qf6 1-0

[Event "IECC CL5-1998.24"]
[Site "IECC email"]
[Date "1998.10.31"]
[Round "?"]
[White "Downham, Simon"]
[Black "Axenhus, Ilpo"]
[Result "1-0"]
[WhiteElo "1584"]
[BlackElo "1267"]
[PlyCount "83"]
[EventDate "1998.??.??"]
[EventType "tourn (corr)"]
[EventRounds "4"]
[SourceTitle "Corr 2008"]
[Source "ChessBase"]
[SourceDate "2008.06.24"]
[SourceVersion "1"]
[SourceVersionDate "2008.06.24"]
[SourceQuality "1"]

1. d4 d5 2. c4 e6 3. Nc3 Nf6 4. Nf3 Nc6 5. Bg5 Be7 6. e3 0-0 7. cxd5 Nxd5 8. Bxe7 Qxe7 9. a3 a6 10. Qc2 Rd8 11. Nxd5 exd5 12. h3 Rd6 13. Bd3 g6 14. Rc1 Bd7 15. 0-0 Rf6 16. Qc5 Qxc5 17. Rxc5 Re8 18. Ne5 Rd6 19. Nxd7 Rxd7 20. Bxa6 Nd8 21. Bd3 c6 22. b4 b6 23. Rc2 Rc7 24. Rfc1 Re6 25. a4 Kf8 26. a5 bxa5 27. bxa5 Ke7 28. a6 Ra7 29. Rb1 Rd6 30. Rcb2 Rdd7 31. Kf1 Rdc7 32. Ke2 Kd7 33. Rb6 f5 34. g4 fxg4 35. hxg4 Nf7 36. f4 Nd6 37. Kf3 c5 38. Rh1 c4 39. Rxh7+ Kc8 40. Rh8+ Kd7 41. Bxg6 Ne4 42. Bf5+ 1-0

[Event "IECC CL5-1998.24"]
[Site "IECC email"]
[Date "1998.10.31"]
[Round "?"]
[White "Gabrielson, Lars"]
[Black "Axenhus, Ilpo"]
[Result "1-0"]
[WhiteElo "1499"]
[BlackElo "1250"]
[PlyCount "37"]
[EventDate "1998.??.??"]
[EventType "tourn (corr)"]
[EventRounds "4"]
[SourceTitle "Corr 2008"]
[Source "ChessBase"]
[SourceDate "2008.06.24"]
[SourceVersion "1"]
[SourceVersionDate "2008.06.24"]
[SourceQuality "1"]

1. d4 d5 2. c4 e6 3. Nc3 Nf6 4. Bg5 Be7 5. e3 Bd7 6. Bxf6 Bxf6 7. cxd5 e5 8. dxe5 Bxe5 9. Nf3 Bg4 10. Qa4+ Bd7 11. Qe4 0-0 12. Nxe5 Re8 13. Bd3 g6 14. Qf4 f5 15. Bc4 Kg7 16. d6 cxd6 17. Nf7 Qa5 18. Qh6+ Kf6 19. Nxd6 1-0

[Event "IECC CL6-1998.11"]
[Site "IECC email"]
[Date "1998.09.25"]
[Round "?"]
[White "Neumann, Ulrich"]
[Black "Axenhus, Ilpo"]
[Result "1-0"]
[WhiteElo "1390"]
[BlackElo "1219"]
[PlyCount "53"]
[EventDate "1998.??.??"]
[EventType "tourn (corr)"]
[EventRounds "4"]
[SourceTitle "Corr 2008"]
[Source "ChessBase"]
[SourceDate "2008.06.24"]
[SourceVersion "1"]
[SourceVersionDate "2008.06.24"]
[SourceQuality "1"]

1. e4 e5 2. Nf3 Nc6 3. Bb5 Nge7 4. 0-0 a6 5. Ba4 b5 6. Bb3 Ng6 7. a4 b4 8. d4 Be7 9. d5 Na5 10. d6 Nxb3 11. dxe7 Qxe7 12. cxb3 Bb7 13. Re1 0-0 14. Qc2 d5 15. exd5 Bxd5 16. Bg5 f6 17. Be3 e4 18. Bc5 Qd7 19. Nfd2 Rfe8 20. Bxb4 Qg4 21. Nc3 Nh4 22. g3 e3 23. Nxd5 exd2 24. Rxe8+ Rxe8 25. Nf4 g5 26. Qc4+ Kh8 27. Ng6+ 1-0

[Event "IECC CL7-1998.14"]
[Site "IECC email"]
[Date "1998.07.27"]
[Round "?"]
[White "Axenhus, Ilpo"]
[Black "Barnes, Tim E"]
[Result "1-0"]
[WhiteElo "1188"]
[BlackElo "1025"]
[PlyCount "59"]
[EventDate "1998.??.??"]
[EventType "tourn (corr)"]
[EventRounds "4"]
[SourceTitle "Corr 2008"]
[Source "ChessBase"]
[SourceDate "2008.06.24"]
[SourceVersion "1"]
[SourceVersionDate "2008.06.24"]
[SourceQuality "1"]

1. d4 Nf6 2. c4 e6 3. Nc3 Bb4 4. Bd2 0-0 5. Nf3 d5 6. e3 Nc6 7. a3 Be7 8. Qc2 b6 9. cxd5 exd5 10. Bd3 Bd7 11. 0-0 Bd6 12. e4 dxe4 13. Nxe4 g6 14. Neg5 Ng4 15. g3 Ne7 16. Ne4 Bc6 17. h3 f5 18. Nxd6 Bxf3 19. Bc4+ Bd5 20. Bg5 Bxc4 21. Qxc4+ Kg7 22. Rae1 Nf6 23. Qe6 Ned5 24. Bxf6+ Rxf6 25. Ne8+ Kh6 26. Nxf6 Nxf6 27. Re5 a5 28. Rc1 Kg5 29. Rc6 Qh8 30. h4+ 1-0

[Event "IECC CL7-1998.14"]
[Site "IECC email"]
[Date "1998.07.27"]
[Round "?"]
[White "Richard, Andy"]
[Black "Axenhus, Ilpo"]
[Result "0-1"]
[WhiteElo "1002"]
[BlackElo "1212"]
[PlyCount "154"]
[EventDate "1998.??.??"]
[EventType "tourn (corr)"]
[EventRounds "4"]
[SourceTitle "Corr 2008"]
[Source "ChessBase"]
[SourceDate "2008.06.24"]
[SourceVersion "1"]
[SourceVersionDate "2008.06.24"]
[SourceQuality "1"]

1. e4 b6 2. d4 e6 3. Nc3 Bb7 4. Bd3 d5 5. e5 Nc6 6. Nf3 Nge7 7. Bg5 h6 8. Bh4 g5 9. Bg3 Bg7 10. Qe2 Nb4 11. Bb5+ c6 12. Ba4 0-0 13. a3 Na6 14. 0-0-0 b5 15. Bb3 b4 16. axb4 Nxb4 17. h4 Ba6 18. Qd2 g4 19. Nh2 Nf5 20. Nxg4 h5 21. Ne3 Bh6 22. Qe1 c5 23. f4 Nxd4 24. Ba2 Qa5 25. Kb1 Ne2 26. Bb3 Nxc3+ 27. Qxc3 d4 28. Nc4 Bxc4 29. Qxc4 Nd5 30. Qa4 Qxa4 31. Bxa4 Nxf4 32. Bxf4 Bxf4 33. Rde1 f5 34. exf6 Rxf6 35. Bb3 Be3 36. Rh3 Rg6 37. Re2 Rf8 38. Rf3 Rxf3 39. gxf3 Kf7 40. Ba4 Rg1+ 41. Ka2 Rh1 42. Bb3 Rxh4 43. c3 Rh3 44. cxd4 cxd4 45. f4 Rf3 46. f5 Rxf5 47. Bc2 Rf2 48. Rxf2+ Bxf2 49. Be4 Kf6 50. Kb1 Ke5 51. Bc6 d3 52. Kc1 Be3+ 53. Kd1 h4 54. Bg2 Kd4 55. Bh3 e5 56. Be6 e4 57. Ke1 Bf4 58. Kd1 e3 59. Bg4 e2+ 60. Bxe2 dxe2+ 61. Kxe2 h3 62. Kf2 Kc4 63. Kf3 h2 64. Kg2 Kb3 65. Kh1 Kxb2 66. Kg2 a5 67. Kh1 a4 68. Kg2 a3 69. Kh1 a2 70. Kg2 a1Q 71. Kf3 h1Q+ 72. Kxf4 Qac1+ 73. Ke5 Qe3+ 74. Kd6 Qd1+ 75. Kc6 Qc3+ 76. Kb5 Qdb3+ 77. Ka6 Qcc4+ 0-1

[Event "IECC CL7-1998.12"]
[Site "IECC email"]
[Date "1998.05.20"]
[Round "?"]
[White "Batzer, Steven"]
[Black "Axenhus, Ilpo"]
[Result "0-1"]
[WhiteElo "1066"]
[BlackElo "1103"]
[PlyCount "48"]
[EventDate "1998.??.??"]
[EventType "tourn (corr)"]
[EventRounds "4"]
[SourceTitle "Corr 2008"]
[Source "ChessBase"]
[SourceDate "2008.06.24"]
[SourceVersion "1"]
[SourceVersionDate "2008.06.24"]
[SourceQuality "1"]

1. e4 e5 2. Nf3 d6 3. d4 exd4 4. Nxd4 Nf6 5. Nc3 Bd7 6. Bc4 c5 7. Nf3 Nc6 8. 0-0 Be7 9. Bg5 0-0 10. Qd3 Nb4 11. Qd2 Be6 12. Bxe6 fxe6 13. Rfe1 Ng4 14. Bxe7 Qxe7 15. Rad1 Rxf3 16. gxf3 Ne5 17. Kg2 Rf8 18. Re3 Qg5+ 19. Kf1 Nc4 20. Qe2 Nxe3+ 21. fxe3 Nxc2 22. Qxc2 Rxf3+ 23. Ke1 Qg1+ 24. Ke2 Qxe3# 0-1